Inequity and Intervention. The Federal Budget and Central América /

Shranjeno v:
Bibliografske podrobnosti
Glavni avtor: Cohen, Joshua
Drugi avtorji: Rogers, Joel
Format: Texto
Izdano: Boston: South end Press
Oznake: Označite
Brez oznak, prvi označite!

MARC

LEADER 00000 a a2200000 04500
001 25775
003
040
090 |a 173900  
100 |a Cohen, Joshua  
245 |a Inequity and Intervention. The Federal Budget and Central América /  |c Joshua Cohen 
260 |a Boston:   |b South end Press  
300 |a 66 p  
700 |a Rogers, Joel  
999 |c 8863  |d 8863